[Event "NK Jeugd B"]
[Site "Venlo"]
[Date "2009.04.24"]
[Round "1"]
[White "Klein, David"]
[Black "Evengroen, Henk Jan"]
[Result "1-0"]
[WhiteElo "2239"]
[BlackElo "1933"]
[PlyCount "99"]
[EventDate "2009.04.25"]
[EventType "swiss"]
[EventRounds "9"]
[EventCountry "NED"]

1. e4 e5 2. Nf3 Nc6 3. Bb5 a6 4. Ba4 Nf6 5. d3 d6 6. c3 Be7 7. Nbd2 b5 8. Bc2
O-O 9. O-O Nb8 10. Re1 Re8 11. Nf1 c5 12. Ng3 Qc7 13. a4 b4 14. Bb3 h6 15. h3
Nc6 16. Nh4 Na5 17. Ba2 Rb8 18. Nhf5 Bf8 19. Qf3 Qd8 20. Nh5 Bxf5 21. Qxf5 b3
22. Bb1 Nxh5 23. Qxh5 Re6 24. d4 cxd4 25. cxd4 exd4 26. Bd3 Nc6 27. Bc4 Rf6 28.
f4 Qa5 29. Qxa5 Nxa5 30. Bxa6 d5 31. Bd3 Bb4 32. Rd1 dxe4 33. Bxe4 Re8 34. Bd3
g6 35. f5 gxf5 36. Bf4 Nb7 37. Kh2 Kh7 38. Bc4 Na5 39. Bd5 Bc5 40. Rac1 Bb6 41.
Bf3 Kg6 42. Bc7 Bxc7+ 43. Rxc7 Rd6 44. Rc5 Ra6 45. Rxd4 Re7 46. Rf4 Rd7 47.
Rcxf5 Nc4 48. Bh5+ Kg7 49. Rxc4 Rda7 50. Rb4 1-0

[Event "NK Jeugd B"]
[Site "Venlo"]
[Date "2009.04.24"]
[Round "1"]
[White "Heller, Milan"]
[Black "Pijpers, Arthur"]
[Result "0-1"]
[WhiteElo "1922"]
[BlackElo "2185"]
[PlyCount "84"]
[EventDate "2009.04.25"]
[EventType "swiss"]
[EventRounds "9"]
[EventCountry "NED"]

1. d4 d5 2. Nf3 Nf6 3. c4 c6 4. Nc3 dxc4 5. a4 Bf5 6. e3 e6 7. Bxc4 Bb4 8. O-O
O-O 9. Nh4 Bg4 10. f3 Bh5 11. g4 Nd5 12. Ng2 Bg6 13. Qb3 a5 14. Na2 Qe7 15. e4
Nb6 16. Nxb4 axb4 17. Be3 Na6 18. Nf4 Rfd8 19. Rfd1 Nxc4 20. Qxc4 Qf6 21. Rd2
Rd7 22. Rad1 Rad8 23. Rg2 e5 24. g5 Qe7 25. Nxg6 hxg6 26. d5 cxd5 27. exd5 Rc7
28. Qb5 e4 29. f4 Nc5 30. Qxb4 Nd3 31. Qxe7 Rxe7 32. d6 Re6 33. d7 Rc6 34. b4
Rc4 35. Rb1 Rxd7 36. Rd2 Rd5 37. Ra2 Nxb4 38. Rab2 Nc2 39. Ba7 e3 40. Rxb7 e2
41. Bf2 Rd1+ 42. Kg2 Rxf4 0-1

[Event "NK Jeugd B"]
[Site "Venlo"]
[Date "2009.04.24"]
[Round "1"]
[White "Admiraal, Miguoel"]
[Black "Klapwijk, Bram"]
[Result "1-0"]
[WhiteElo "2163"]
[BlackElo "1869"]
[PlyCount "73"]
[EventDate "2009.04.25"]
[EventType "swiss"]
[EventRounds "9"]
[EventCountry "NED"]

1. e4 c5 2. Nf3 d6 3. d4 cxd4 4. Nxd4 Nf6 5. Nc3 e6 6. Be2 Be7 7. O-O O-O 8. f4
Nc6 9. Be3 Bd7 10. Nb3 a6 11. a4 b6 12. Bf3 Qc7 13. g4 Bc8 14. g5 Nd7 15. Bg2
Rd8 16. Rf3 Bf8 17. Rh3 g6 18. Qe1 Nb4 19. Qh4 h6 20. gxh6 Kh7 21. Nd4 Nc5 22.
Nf3 Qe7 23. Ng5+ Kh8 24. Bd4+ f6 25. Nf7+ Qxf7 26. Bxf6+ Kh7 27. Bxd8 Nxc2 28.
Rf1 Bd7 29. Bxb6 Rb8 30. Qf2 Rxb6 31. Qxc2 Qe8 32. f5 g5 33. fxe6 Bxe6 34. Nd5
Bxd5 35. exd5+ Kg8 36. h7+ Kh8 37. Rxf8+ 1-0

[Event "NK Jeugd B"]
[Site "Venlo"]
[Date "2009.04.24"]
[Round "1"]
[White "Van Meegen, Ruud"]
[Black "Mostertman, Milan"]
[Result "0-1"]
[WhiteElo "1865"]
[BlackElo "2142"]
[PlyCount "60"]
[EventDate "2009.04.25"]
[EventType "swiss"]
[EventRounds "9"]
[EventCountry "NED"]

1. e4 d5 2. exd5 Qxd5 3. Nc3 Qa5 4. d4 Nf6 5. Nf3 c6 6. Bc4 Bf5 7. Ne5 e6 8. g4
Be4 9. f3 Bd5 10. Bd2 Bxc4 11. Nxc4 Qc7 12. Ne4 Be7 13. Qc1 Nxe4 14. fxe4 Bh4+
15. Ke2 Qd7 16. c3 c5 17. Be3 cxd4 18. cxd4 Nc6 19. Rd1 e5 20. Kf3 exd4 21. Bf4
O-O 22. Ne5 Nxe5+ 23. Bxe5 Qb5 24. Bxd4 Rac8 25. Qd2 Bg5 26. Be3 Bxe3 27. Kxe3
Rfe8 28. h4 Qe5 29. Qg2 Rc4 30. Rg1 Rxe4+ 0-1

[Event "NK Jeugd B"]
[Site "Venlo"]
[Date "2009.04.24"]
[Round "1"]
[White "Van der Lende, Ilias"]
[Black "Sekandar, Kambiz"]
[Result "1-0"]
[WhiteElo "2105"]
[BlackElo "1858"]
[PlyCount "111"]
[EventDate "2009.04.25"]
[EventType "swiss"]
[EventRounds "9"]
[EventCountry "NED"]

1. e4 e5 2. Nf3 Nc6 3. d4 exd4 4. Nxd4 Bc5 5. Nxc6 Qf6 6. Qf3 bxc6 7. Bc4 d6 8.
Bd2 Be6 9. Bc3 Bb4 10. Bxb4 Bxc4 11. Nd2 Ba6 12. Bc3 Qxf3 13. Nxf3 f6 14. Nd4
Kd7 15. O-O-O Nh6 16. g4 c5 17. Nb3 Kc6 18. Rhg1 Nf7 19. f4 h6 20. h4 Rae8 21.
Rde1 Re6 22. Nd2 Kd7 23. g5 hxg5 24. hxg5 fxg5 25. f5 Ree8 26. Bxg7 Rh4 27. Bf6
Bb7 28. Bxg5 Nxg5 29. Rxg5 Bxe4 30. b3 Rh1 31. Rxh1 Bxh1 32. Rh5 Bc6 33. Nc4
Re7 34. Kd2 Bf3 35. Rh2 Rf7 36. Ne3 Be4 37. Rf2 d5 38. c3 Ke7 39. c4 d4 40. Ng4
Rxf5 41. Re2 Rf4 42. Nf2 Rxf2 43. Rxf2 Kd7 44. Rf4 Bg6 45. Rf6 Be4 46. Ra6 Bb7
47. Rxa7 Kc6 48. Ra5 Kd6 49. a3 Bg2 50. b4 cxb4 51. axb4 Be4 52. Rh5 c6 53. c5+
Ke6 54. Rh4 Kd5 55. Rxe4 Kxe4 56. b5 1-0

[Event "NK Jeugd B"]
[Site "Venlo"]
[Date "2009.04.24"]
[Round "1"]
[White "Duburg, Jamie"]
[Black "Hachijan, Armen"]
[Result "0-1"]
[WhiteElo "1842"]
[BlackElo "2085"]
[PlyCount "94"]
[EventDate "2009.04.25"]
[EventType "swiss"]
[EventRounds "9"]
[EventCountry "NED"]

1. e4 Nf6 2. e5 Nd5 3. d4 d6 4. c4 Nb6 5. exd6 cxd6 6. Nc3 g6 7. Be3 Bg7 8. Be2
O-O 9. Qd2 Nc6 10. Nf3 Bg4 11. b3 Qd7 12. O-O f5 13. h3 Bxf3 14. Bxf3 Qc8 15.
Ne2 e5 16. dxe5 dxe5 17. Bd5+ Kh8 18. Bxc6 Qxc6 19. Bh6 Bxh6 20. Qxh6 f4 21. f3
Qf6 22. Nc3 Qe7 23. Ne4 Rf5 24. g4 fxg3 25. Nxg3 Rf4 26. Kg2 Raf8 27. Ne2 Rh4
28. Qe3 Nc8 29. Rae1 Qe6 30. Rh1 Re8 31. Ng3 Nd6 32. Qxa7 Nf5 33. Qf2 Nd4 34.
Ne2 Nf5 35. Ng3 Qf6 36. Ne4 Qe7 37. Qc5 Qg7 38. Nd6 Rd8 39. Rd1 Nd4 40. Rhe1
Qf6 41. Nf7+ Qxf7 42. Qxe5+ Kg8 43. Rd3 Rf4 44. Red1 Re8 45. Qd5 Re2+ 46. Kg3
Ne6 47. R1d2 Rg4+ 0-1

[Event "NK Jeugd B"]
[Site "Venlo"]
[Date "2009.04.24"]
[Round "1"]
[White "Gunther, Justin"]
[Black "Faber, Jort"]
[Result "0-1"]
[WhiteElo "2015"]
[BlackElo "1840"]
[PlyCount "98"]
[EventDate "2009.04.25"]
[EventType "swiss"]
[EventRounds "9"]
[EventCountry "NED"]

1. e4 d5 2. exd5 Nf6 3. d4 Bg4 4. Be2 Bxe2 5. Nxe2 Qxd5 6. O-O Nc6 7. c3 O-O-O
8. Be3 Qh5 9. Nf4 Qxd1 10. Rxd1 e5 11. Ne2 exd4 12. Nxd4 Nxd4 13. Rxd4 Bc5 14.
Rxd8+ Rxd8 15. Na3 Bxe3 16. fxe3 Ng4 17. Re1 Ne5 18. Kf1 Rd2 19. Re2 Rd1+ 20.
Kf2 Ra1 21. Kg3 Rxa2 22. Rd2 Ra1 23. Kf4 f6 24. Kf5 Re1 25. e4 Re3 26. Nc2 Rd3
27. Re2 c5 28. Ne3 Kd7 29. Nd5 Rd1 30. Ne3 Rb1 31. Rd2+ Ke7 32. Nd5+ Kf7 33.
Ne3 g6+ 34. Kf4 Rxb2 35. Rd5 Rb3 36. Nd1 a5 37. Ke3 a4 38. Rxc5 a3 39. Ke2 Ke6
40. Ra5 Nc4 41. Ra4 b5 42. Ra7 Rb2+ 43. Kf3 Rd2 44. Nf2 Rc2 45. Ra6+ Kd7 46.
Ng4 Rxc3+ 47. Kf4 Kc7 48. Rxf6 a2 49. Ra6 Ra3 0-1

[Event "NK Jeugd B"]
[Site "Venlo"]
[Date "2009.04.24"]
[Round "1"]
[White "Mostertman, Xander"]
[Black "Ten Hertog, Hugo"]
[Result "0-1"]
[WhiteElo "1837"]
[BlackElo "2008"]
[PlyCount "36"]
[EventDate "2009.04.25"]
[EventType "swiss"]
[EventRounds "9"]
[EventCountry "NED"]

1. Nf3 d5 2. c4 e6 3. Qc2 Nf6 4. d4 c6 5. Bg5 Nbd7 6. Nc3 dxc4 7. e4 b5 8. e5
h6 9. Bh4 g5 10. Nxg5 hxg5 11. Bxg5 Bb7 12. exf6 Qa5 13. Be2 c5 14. Qd1 O-O-O
15. O-O Bd6 16. f4 cxd4 17. Rc1 Bc5 18. Nxb5 d3+ 0-1

[Event "NK Jeugd B"]
[Site "Venlo"]
[Date "2009.04.24"]
[Round "1"]
[White "Rauw, Gert Jan"]
[Black "Manoch, Maurice"]
[Result "1-0"]
[WhiteElo "2006"]
[BlackElo "1833"]
[PlyCount "51"]
[EventDate "2009.04.25"]
[EventType "swiss"]
[EventRounds "9"]
[EventCountry "NED"]

1. e4 e6 2. d4 d5 3. e5 c5 4. c3 Nc6 5. Nf3 Qb6 6. Bd3 cxd4 7. cxd4 Nge7 8. Nc3
Ng6 9. O-O Be7 10. Be3 O-O 11. Qe2 Ngxe5 12. dxe5 d4 13. Nxd4 Nxd4 14. Qg4 Rd8
15. Rad1 f5 16. Qf4 Bc5 17. Na4 Qb4 18. Nxc5 Qxc5 19. Qh4 Qd5 20. Bc4 Nf3+ 21.
gxf3 Qxd1 22. Rxd1 Rxd1+ 23. Kg2 Bd7 24. Qe7 Re8 25. Bxe6+ Kh8 26. Qf7 1-0

[Event "NK Jeugd B"]
[Site "Venlo"]
[Date "2009.04.24"]
[Round "1"]
[White "Von Meijenfeldt, Bart"]
[Black "Damen, Igor"]
[Result "1-0"]
[WhiteElo "1984"]
[BlackElo "1738"]
[PlyCount "61"]
[EventDate "2009.04.25"]
[EventType "swiss"]
[EventRounds "9"]
[EventCountry "NED"]

1. e4 e5 2. Nf3 Nc6 3. d4 exd4 4. Nxd4 Qh4 5. Nc3 Bb4 6. Be3 Qxe4 7. Ndb5 Bxc3+
8. bxc3 Kd8 9. Be2 a6 10. Nd6 Qe6 11. Nxc8 Kxc8 12. O-O Nf6 13. Rb1 Re8 14. Re1
Qd5 15. Qc1 Ne5 16. Qb2 Qc6 17. Bd4 d6 18. f4 Ned7 19. c4 Ne4 20. Bg4 g6 21. f5
b6 22. f6 Qxc4 23. Re3 Kd8 24. Rbe1 Ndc5 25. Bf3 Na4 26. Qa1 c5 27. Rxe4 Rxe4
28. Rxe4 d5 29. Re5 Qxd4+ 30. Qxd4 cxd4 31. Rxd5+ 1-0

[Event "NK Jeugd B"]
[Site "Venlo"]
[Date "2009.04.24"]
[Round "1"]
[White "Otten, Martijn"]
[Black "Swinkels, Maurice"]
[Result "0-1"]
[WhiteElo "1735"]
[BlackElo "1972"]
[PlyCount "80"]
[EventDate "2009.04.25"]
[EventType "swiss"]
[EventRounds "9"]
[EventCountry "NED"]

1. d4 Nf6 2. c4 e5 3. dxe5 Ng4 4. e4 Nxe5 5. f4 Ng6 6. Nf3 Nc6 7. Nc3 Bc5 8. a3
a5 9. Qd3 d6 10. Be3 Bxe3 11. Qxe3 O-O 12. h4 f5 13. h5 Nxf4 14. O-O-O fxe4 15.
Qxe4 Qe7 16. Qxe7 Nxe7 17. Nb5 Bd7 18. c5 Bxb5 19. Bxb5 Nf5 20. Bc4+ Kh8 21.
Ng5 Ne3 22. Ba2 Nxd1 23. Kxd1 d5 24. g3 Ng2 25. h6 g6 26. Kc1 c6 27. Bb1 Rae8
28. Kd1 Ne3+ 29. Kc1 Re5 30. Re1 d4 31. Nh3 Rxc5+ 32. Kd2 Nc4+ 33. Kd3 Nxb2+
34. Kxd4 Rc4+ 35. Ke3 Re8+ 36. Kd2 Rxe1 37. Kxe1 Rc1+ 38. Kd2 Rxb1 39. Ng5 Rf1
40. Kc3 Na4+ 0-1

[Event "NK Jeugd B"]
[Site "Venlo"]
[Date "2009.04.24"]
[Round "1"]
[White "Van Dorp, Jan"]
[Black "Laan, Kart"]
[Result "1-0"]
[WhiteElo "1960"]
[BlackElo "1615"]
[PlyCount "59"]
[EventDate "2009.04.25"]
[EventType "swiss"]
[EventRounds "9"]
[EventCountry "NED"]

1. d4 d5 2. c4 e6 3. Nc3 c6 4. Nf3 dxc4 5. e4 b5 6. Be2 Nf6 7. Qc2 Nbd7 8. O-O
Bb7 9. Bg5 Bb4 10. e5 h6 11. exf6 hxg5 12. fxg7 Rg8 13. Qh7 Nf6 14. Qh6 Bxc3
15. bxc3 Nd5 16. Qh7 Nf6 17. Qh8 Kd7 18. Ne5+ Kc7 19. Qh6 Nd5 20. Nxf7 Qe7 21.
Nxg5 Nf4 22. Bg4 Rxg7 23. Nxe6+ Nxe6 24. Bxe6 Rf8 25. Rfe1 Rf6 26. Qe3 Rfg6 27.
Qe5+ Kb6 28. g3 Qh4 29. Qc5+ Ka6 30. a4 1-0

[Event "NK Jeugd B"]
[Site "Venlo"]
[Date "2009.04.24"]
[Round "1"]
[White "Wiegers, Kasper"]
[Black "Beijerinck, Nick"]
[Result "0-1"]
[WhiteElo "1518"]
[BlackElo "1938"]
[PlyCount "50"]
[EventDate "2009.04.25"]
[EventType "swiss"]
[EventRounds "9"]
[EventCountry "NED"]

1. e4 c5 2. d4 cxd4 3. c3 Nf6 4. e5 Nd5 5. Bc4 Qc7 6. Qxd4 Nb6 7. Bb3 Nc6 8.
Qd1 Qxe5+ 9. Ne2 Qc7 10. O-O d6 11. Nf4 e5 12. Re1 Be7 13. Nd5 Nxd5 14. Bxd5
O-O 15. Be4 Be6 16. b4 d5 17. Bc2 e4 18. f3 Bd6 19. fxe4 Bxh2+ 20. Kh1 Qg3 21.
Re3 Qh4 22. Qd3 Bg3+ 23. Kg1 Qh2+ 24. Kf1 Qh1+ 25. Ke2 Qe1+ 0-1

[Event "NK Jeugd B"]
[Site "Venlo"]
[Date "2009.04.25"]
[Round "2"]
[White "Slagter, David"]
[Black "Klein, David"]
[Result "0-1"]
[WhiteElo "1984"]
[BlackElo "2239"]
[PlyCount "106"]
[EventDate "2009.04.25"]
[EventType "swiss"]
[EventRounds "9"]
[EventCountry "NED"]

1. e4 c5 2. Nf3 d6 3. d4 cxd4 4. Nxd4 Nf6 5. Nc3 Nc6 6. Bg5 e6 7. Qd2 a6 8. f4
h6 9. Bxf6 Qxf6 10. Nf3 Bd7 11. O-O-O O-O-O 12. Kb1 Be7 13. h4 Kb8 14. Be2 Bc8
15. g4 g6 16. Rh2 Qg7 17. Qe3 Rd7 18. Na4 Qf8 19. c4 Rc7 20. Bf1 Qe8 21. Nb6
Na7 22. Rc2 Qc6 23. b4 Nb5 24. Rcc1 Na7 25. Bg2 Rd8 26. a3 Qe8 27. Rd2 Bd7 28.
Rcd1 Ba4 29. Rc1 Nc8 30. Nxa4 Qxa4 31. e5 dxe5 32. Rxd8 Bxd8 33. fxe5 a5 34.
bxa5 Be7 35. Nd2 Bxa3 36. Rc3 Bb4 37. Rc2 Qxa5 38. Nb3 Qb6 39. Qf3 Na7 40. Ka2
Bc5 41. Qf6 Qb4 42. Nxc5 Rxc5 43. Qd8+ Nc8 44. Rb2 Ra5+ 45. Kb1 Qe1+ 46. Kc2
Qe2+ 47. Kb3 Qe3+ 48. Kc2 Qf2+ 49. Qd2 Qxd2+ 50. Kxd2 b6 51. Kd3 Rxe5 52. Kd4
Ra5 53. Bc6 Kc7 0-1

[Event "NK Jeugd B"]
[Site "Venlo"]
[Date "2009.04.25"]
[Round "2"]
[White "Pijpers, Arthur"]
[Black "Rauw, Gert Jan"]
[Result "1-0"]
[WhiteElo "2185"]
[BlackElo "2006"]
[PlyCount "87"]
[EventDate "2009.04.25"]
[EventType "swiss"]
[EventRounds "9"]
[EventCountry "NED"]

1. e4 c6 2. d4 d5 3. Nd2 dxe4 4. Nxe4 Nd7 5. Ng5 Ngf6 6. Bd3 e6 7. N1f3 Bd6 8.
Qe2 h6 9. Ne4 Nxe4 10. Qxe4 Qc7 11. Qg4 Kf8 12. Qh4 b6 13. Bd2 Bb7 14. O-O-O c5
15. Rhe1 Rc8 16. Kb1 c4 17. Be4 b5 18. c3 a5 19. Ne5 Nxe5 20. dxe5 Be7 21. Qf4
b4 22. Bxb7 Qxb7 23. Qe4 Qb5 24. Rc1 b3 25. a3 Rb8 26. Rcd1 Qa4 27. Bc1 Bxa3
28. bxa3 b2 29. Bxb2 Ke7 30. Rd2 Rb3 31. Qd4 Rhb8 32. Red1 R3b7 33. Rc2 Qxc2+
34. Kxc2 Rxb2+ 35. Kc1 Rb1+ 36. Kd2 Rxd1+ 37. Kxd1 Rd8 38. Kc2 Rxd4 39. cxd4
Kd7 40. Kc3 Kc6 41. Kxc4 f6 42. f4 fxe5 43. fxe5 a4 44. g4 1-0

[Event "NK Jeugd B"]
[Site "Venlo"]
[Date "2009.04.25"]
[Round "2"]
[White "Swinkels, Maurice"]
[Black "Admiraal, Miguoel"]
[Result "0-1"]
[WhiteElo "1972"]
[BlackElo "2163"]
[PlyCount "60"]
[EventDate "2009.04.25"]
[EventType "swiss"]
[EventRounds "9"]
[EventCountry "NED"]

1. e4 c5 2. Nf3 e6 3. d4 cxd4 4. Nxd4 Nc6 5. Nc3 Qc7 6. Be3 a6 7. Qd2 Nf6 8.
O-O-O Bb4 9. f3 Ne5 10. Nb3 b5 11. Qe1 Rb8 12. Bd2 O-O 13. f4 Nc4 14. Bxc4 bxc4
15. Nd4 Bxc3 16. Bxc3 Qxf4+ 17. Kb1 Nxe4 18. Bb4 d6 19. Rf1 Qg4 20. h3 Qg6 21.
Nc6 Rb7 22. Rf4 f5 23. Bxd6 Nxd6 24. Rxd6 Qxg2 25. Nd8 Rd7 26. Qxe6+ Kh8 27.
Qxc4 Rdxd8 28. Rxd8 Rxd8 29. b3 h6 30. Rh4 Qd2 0-1

[Event "NK Jeugd B"]
[Site "Venlo"]
[Date "2009.04.25"]
[Round "2"]
[White "Mostertman, Milan"]
[Black "Von Meijenfeldt, Bart"]
[Result "1-0"]
[WhiteElo "2142"]
[BlackElo "1984"]
[PlyCount "87"]
[EventDate "2009.04.25"]
[EventType "swiss"]
[EventRounds "9"]
[EventCountry "NED"]

1. e4 c5 2. Nf3 d6 3. d4 cxd4 4. Nxd4 Nf6 5. Nc3 a6 6. Be2 e5 7. Nb3 Be7 8. Bg5
Nbd7 9. a4 O-O 10. O-O b6 11. Bc4 Bb7 12. Qe2 Nxe4 13. Nxe4 d5 14. Nd6 Bc6 15.
Nd4 Bxg5 16. Nxc6 Qc7 17. Bxd5 Qxd6 18. Rad1 Qc7 19. Qg4 Nf6 20. Qxg5 Nxd5 21.
Nxe5 f6 22. Qf5 fxe5 23. Qe6+ Kh8 24. Rxd5 Rae8 25. Qd6 Qxc2 26. Qxb6 Qxa4 27.
Ra5 Qc2 28. b4 Rb8 29. Qxa6 Rxb4 30. Rxe5 Rbf4 31. Qa3 h6 32. Qe3 Qg6 33. h3
Kh7 34. Re6 Qg5 35. Qd3+ R4f5 36. f4 Qd8 37. Rd6 Qc7 38. g4 Qa7+ 39. Rf2 Qa1+
40. Kg2 Qa8+ 41. Kh2 Qa7 42. Rg2 Qa4 43. gxf5 Qxf4+ 44. Qg3 1-0

[Event "NK Jeugd B"]
[Site "Venlo"]
[Date "2009.04.25"]
[Round "2"]
[White "Beijerinck, Nick"]
[Black "Van der Lende, Ilias"]
[Result "1/2-1/2"]
[WhiteElo "1938"]
[BlackElo "2105"]
[PlyCount "135"]
[EventDate "2009.04.25"]
[EventType "swiss"]
[EventRounds "9"]
[EventCountry "NED"]

1. e4 e6 2. d4 d5 3. Nc3 Bb4 4. e5 c5 5. a3 Bxc3+ 6. bxc3 Qc7 7. Qg4 f5 8. Qg3
Nc6 9. Bb5 cxd4 10. Bxc6+ bxc6 11. cxd4 Ba6 12. Bd2 Qb6 13. Bc3 Ne7 14. Nh3 Qb5
15. Nf4 Ng6 16. Nd3 O-O 17. h4 c5 18. h5 Qc4 19. Kd2 cxd4 20. Bb4 Rfc8 21. Rac1
Nf8 22. h6 Ng6 23. hxg7 Rc7 24. Qg5 Rxg7 25. Qf6 Qc6 26. Rh6 Bxd3 27. cxd3 Qd7
28. Bd6 Rc8 29. Rhh1 Rf7 30. Qg5 Rc3 31. Rb1 Rc8 32. Rhc1 Rxc1 33. Rxc1 Qb7 34.
Bc7 Qb2+ 35. Rc2 Qxa3 36. Bd6 Qa5+ 37. Ke2 Kg7 38. Rc8 Qa2+ 39. Ke1 Qb1+ 40.
Ke2 a5 41. Re8 Qc2+ 42. Ke1 Qxd3 43. Rxe6 Qe4+ 44. Kf1 d3 45. Be7 Qe2+ 46. Kg1
Qd1+ 47. Kh2 Qa4 48. Bf6+ Kg8 49. Rd6 Qf4+ 50. Qg3 Qxg3+ 51. fxg3 Nf8 52. Bg5
Rd7 53. Ra6 Re7 54. Rxa5 Rxe5 55. Bf4 Re4 56. Rxd5 Ne6 57. Bd2 Nd4 58. Bc3 Ne2
59. Rxd3 Nxc3 60. Rxc3 Kg7 61. Rc6 Rg4 62. Ra6 Rg6 63. Ra3 Kf6 64. Kg1 Kg5 65.
Kf2 Rb6 66. Kf3 h5 67. Rc3 Rb1 68. Ra3 1/2-1/2

[Event "NK Jeugd B"]
[Site "Venlo"]
[Date "2009.04.25"]
[Round "2"]
[White "Hachijan, Armen"]
[Black "Van Dorp, Jan"]
[Result "1-0"]
[WhiteElo "2085"]
[BlackElo "1960"]
[PlyCount "55"]
[EventDate "2009.04.25"]
[EventType "swiss"]
[EventRounds "9"]
[EventCountry "NED"]

1. e4 c5 2. Nf3 e6 3. d4 cxd4 4. Nxd4 Nc6 5. Nc3 Qc7 6. Be3 Nf6 7. Qd2 a6 8.
O-O-O Be7 9. f3 O-O 10. g4 b5 11. g5 Ne8 12. Nxc6 Qxc6 13. Ne2 d6 14. Nd4 Qc7
15. h4 Bb7 16. h5 d5 17. e5 Rc8 18. Qh2 Ba3 19. bxa3 Qc3 20. Bd3 Rc4 21. Nb3 d4
22. Bf2 Ra4 23. Be1 Qc7 24. Qf4 Rxa3 25. Bb4 Rxa2 26. g6 Bd5 27. Bxf8 Nf6 28.
Qxf6 1-0

[Event "NK Jeugd B"]
[Site "Venlo"]
[Date "2009.04.25"]
[Round "2"]
[White "Ten Hertog, Hugo"]
[Black "Faber, Jort"]
[Result "1-0"]
[WhiteElo "2008"]
[BlackElo "1840"]
[PlyCount "35"]
[EventDate "2009.04.25"]
[EventType "swiss"]
[EventRounds "9"]
[EventCountry "NED"]

1. e4 d5 2. exd5 Nf6 3. d4 Bg4 4. Nf3 Qxd5 5. Be2 Nc6 6. c4 Qh5 7. Be3 e5 8. d5
Bb4+ 9. Kf1 O-O-O 10. Qb3 e4 11. Ng1 Nxd5 12. cxd5 Bxe2+ 13. Nxe2 Rxd5 14. Nbc3
Rd3 15. Nf4 Qf5 16. Nxd3 exd3 17. Qd5 Qg6 18. Qe4 1-0

[Event "NK Jeugd B"]
[Site "Venlo"]
[Date "2009.04.25"]
[Round "2"]
[White "Mostertman, Xander"]
[Black "Gunther, Justin"]
[Result "1/2-1/2"]
[WhiteElo "1837"]
[BlackElo "2015"]
[PlyCount "83"]
[EventDate "2009.04.25"]
[EventType "swiss"]
[EventRounds "9"]
[EventCountry "NED"]

1. Nf3 Nf6 2. c4 e6 3. g3 d5 4. Bg2 b6 5. e3 Bb7 6. cxd5 exd5 7. b3 Ba6 8. Qc2
Nbd7 9. d4 Bb4+ 10. Nfd2 c5 11. Bf1 Bxf1 12. Kxf1 cxd4 13. exd4 Rc8 14. Qd1 O-O
15. Kg2 Bxd2 16. Nxd2 Qc7 17. Ba3 Rfe8 18. Rc1 Qb7 19. Qf3 Ne4 20. Qd3 b5 21.
Bb4 Rc6 22. Rhe1 Rce6 23. Nf1 Nb8 24. Ne3 Na6 25. Bd2 Qd7 26. Ng4 f6 27. Ne3
Qf7 28. f3 Nd6 29. Rc6 Nb8 30. Rcc1 Qh5 31. Bb4 Nf7 32. Qxb5 Ng5 33. Qxd5 Qh3+
34. Kg1 Na6 35. Ba3 Qh5 36. Rf1 Kh8 37. g4 Qh3 38. Rce1 Nc7 39. Qb7 Rxe3 40.
Rxe3 Rxe3 41. Qxc7 Nxf3+ 42. Kf2 1/2-1/2

[Event "NK Jeugd B"]
[Site "Venlo"]
[Date "2009.04.25"]
[Round "2"]
[White "Evengroen, Henk Jan"]
[Black "Van den Bergh, Don"]
[Result "0-1"]
[WhiteElo "1933"]
[BlackElo "1757"]
[PlyCount "84"]
[EventDate "2009.04.25"]
[EventType "swiss"]
[EventRounds "9"]
[EventCountry "NED"]

1. d4 Nf6 2. c4 g6 3. Nc3 d5 4. cxd5 Nxd5 5. e4 Nxc3 6. bxc3 Bg7 7. Bc4 O-O 8.
Ne2 c5 9. O-O Nc6 10. Be3 Bg4 11. f3 cxd4 12. cxd4 Na5 13. Bd3 Be6 14. Qa4 a6
15. Bf2 b5 16. Qb4 Rc8 17. Qa3 Bc4 18. Rfc1 b4 19. Qxb4 Bxd3 20. Rxc8 Qxc8 21.
Nf4 Nc6 22. Qd2 Nxd4 23. Rc1 Qb8 24. Nxd3 Rd8 25. Kh1 Qd6 26. Nb4 Be5 27. Nd5
Ne6 28. Bh4 Bf4 29. Nxe7+ Qxe7 30. Qxf4 g5 31. Qg3 Kf8 32. Qe5 f6 33. Qa5 gxh4
34. Qxa6 h3 35. gxh3 Ng5 36. Qa5 Nxf3 37. Rf1 Nd2 38. Rf4 Nxe4 39. Qh5 Ng5 40.
Qh6+ Kf7 41. Qxg5 Rd1+ 42. Qg1 Qb7+ 0-1

[Event "NK Jeugd B"]
[Site "Venlo"]
[Date "2009.04.25"]
[Round "2"]
[White "Manoch, Maurice"]
[Black "Heller, Milan"]
[Result "0-1"]
[WhiteElo "1833"]
[BlackElo "1922"]
[PlyCount "74"]
[EventDate "2009.04.25"]
[EventType "swiss"]
[EventRounds "9"]
[EventCountry "NED"]

1. e4 e6 2. d4 d5 3. e5 c5 4. c3 Nc6 5. Nf3 Qb6 6. Bd3 cxd4 7. cxd4 Bd7 8. O-O
Nxd4 9. Nxd4 Qxd4 10. Nc3 a6 11. Qe2 Ne7 12. Kh1 Nc6 13. f4 Bc5 14. Rd1 Qf2 15.
Qg4 O-O-O 16. Rf1 Qd4 17. Rd1 Nxe5 18. Qxg7 Nxd3 19. Qxd4 Bxd4 20. Rxd3 Ba7 21.
a4 Bc6 22. Bd2 d4 23. Ne2 Rhg8 24. Ng3 h5 25. h4 Rg4 26. Rc1 Rxh4+ 27. Kg1 Rg4
28. b4 Kb8 29. Rxc6 bxc6 30. Nxh5 Rdg8 31. g3 f5 32. b5 axb5 33. axb5 cxb5 34.
Bb4 Rc8 35. Nf6 Rg7 36. Bd6+ Kb7 37. Kf1 Rc3 0-1

[Event "NK Jeugd B"]
[Site "Venlo"]
[Date "2009.04.25"]
[Round "2"]
[White "Klapwijk, Bram"]
[Black "Otten, Martijn"]
[Result "1/2-1/2"]
[WhiteElo "1869"]
[BlackElo "1735"]
[PlyCount "145"]
[EventDate "2009.04.25"]
[EventType "swiss"]
[EventRounds "9"]
[EventCountry "NED"]

1. e4 e6 2. d4 d5 3. Bd3 Nc6 4. c3 Nf6 5. e5 Nd7 6. Ne2 Be7 7. O-O f5 8. Nf4
Nf8 9. Qh5+ g6 10. Qh6 Rg8 11. Nh3 g5 12. Qh5+ Kd7 13. Qf7 Rg6 14. Nxg5 Qe8 15.
Qxe8+ Kxe8 16. Nh3 Bd7 17. Be2 Kd8 18. Bh5 Rg8 19. Be3 Be8 20. Be2 Nb8 21. Nd2
Nbd7 22. Rfd1 Nb6 23. c4 dxc4 24. Nxc4 Bc6 25. Nf4 Bg5 26. Nxb6 axb6 27. d5 Ba4
28. b3 Bxf4 29. Bxf4 Bd7 30. dxe6 Nxe6 31. Bg3 Kc8 32. Bc4 b5 33. Bd5 c6 34.
Bf3 Ng5 35. Bh5 f4 36. Bh4 Be6 37. Kf1 Bd5 38. Bg4+ Kc7 39. Rac1 Kb6 40. Rc2
Nf7 41. f3 Nxe5 42. Bf2+ Ka6 43. Bf5 Rxg2 44. Rxd5 Rxf2+ 45. Rxf2 cxd5 46. Bxh7
Kb6 47. Bf5 Rf8 48. Be6 Kc5 49. Kg2 Kd6 50. Bg4 Ra8 51. Rd2 Nc6 52. Bf5 Ke5 53.
Bb1 Nd4 54. Rd1 Rg8+ 55. Kf2 Rh8 56. Rh1 Rh3 57. Re1+ Kd6 58. Kg2 Rxh2+ 59.
Kxh2 Nxf3+ 60. Kg2 Nxe1+ 61. Kf2 Kc5 62. Kxe1 Kb4 63. Kd2 Ka3 64. Kc3 b4+ 65.
Kc2 f3 66. Kc1 b6 67. Bd3 Kxa2 68. Kc2 f2 69. Bf1 d4 70. Bc4 Ka3 71. Bd3 Ka2
72. Bc4 Ka3 73. Bd3 1/2-1/2

[Event "NK Jeugd B"]
[Site "Venlo"]
[Date "2009.04.25"]
[Round "2"]
[White "Damen, Igor"]
[Black "Van Meegen, Ruud"]
[Result "0-1"]
[WhiteElo "1738"]
[BlackElo "1865"]
[PlyCount "40"]
[EventDate "2009.04.25"]
[EventType "swiss"]
[EventRounds "9"]
[EventCountry "NED"]

1. e4 c5 2. Nf3 d6 3. d4 cxd4 4. Nxd4 Nf6 5. Nc3 g6 6. Be3 Bg7 7. f3 O-O 8. Qd2
Nc6 9. O-O-O d5 10. Nxc6 bxc6 11. exd5 Nxd5 12. Bd4 e5 13. Bc5 Be6 14. Bxf8
Qxf8 15. Bc4 Bh6 16. Nxd5 Bxd2+ 17. Rxd2 cxd5 18. Bxd5 Bxd5 19. Rxd5 Rd8 20.
Rxe5 Qd6 0-1

[Event "NK Jeugd B"]
[Site "Venlo"]
[Date "2009.04.25"]
[Round "2"]
[White "Sekandar, Kambiz"]
[Black "Wiegers, Kasper"]
[Result "0-1"]
[WhiteElo "1858"]
[BlackElo "1518"]
[PlyCount "46"]
[EventDate "2009.04.25"]
[EventType "swiss"]
[EventRounds "9"]
[EventCountry "NED"]

1. e4 e5 2. Nf3 Nc6 3. d4 exd4 4. Bc4 Nf6 5. e5 Ne4 6. O-O Be7 7. Re1 Nc5 8.
Nxd4 Nxd4 9. Qxd4 O-O 10. Nc3 d6 11. Nd5 dxe5 12. Nxe7+ Qxe7 13. Rxe5 Ne6 14.
Qe4 Re8 15. Bg5 f6 16. Re1 Kf7 17. Qxh7 Qb4 18. Qh5+ Kf8 19. Bxe6 Bxe6 20. Bxf6
gxf6 21. Qh6+ Kf7 22. Qh7+ Kf8 23. Rxe6 Qxe1+ 0-1